Statistiken für US Staaten (ZIP Codes)

Klicken Sie hier um das Quiz zu spielen!

Allgemein

  • Dieses Quiz wurde 105 mal gespielt
  • Das Durchschnittsergebnis liegt bei 16 aus 50

Antwortstatistiken

ZIP CodeUS Staat% Korrekt
AZArizona
89%
ALAlabama
87%
FLFlorida
80%
ARArkansas
78%
IDIdaho
78%
ILIllinois
76%
DEDelaware
69%
KSKansas
67%
CAKalifornien
65%
INIndiana
63%
COColorado
59%
IAIowa
57%
KYKentucky
57%
AKAlaska
56%
CTConnecticut
50%
HIHawaii
50%
GAGeorgia
44%
LALouisiana
31%
OHOhio
31%
NYNew York
26%
MEMaine
24%
NJNew Jersey
24%
OKOklahoma
24%
MDMaryland
22%
NCNorth Carolina
22%
NDNorth Dakota
22%
MAMassachusetts
20%
MNMinnesota
20%
MIMichigan
19%
MTMontana
19%
OROregon
19%
TXTexas
19%
UTUtah
17%
NVNevada
15%
MOMissouri
13%
NHNew Hampshire
11%
NMNew Mexico
11%
NENebraska
9%
PAPennsylvania
9%
SDSouth Dakota
9%
WAWashington
9%
WYWyoming
9%
MSMississippi
7%
RIRhode Island
7%
SCSouth Carolina
7%
TNTennessee
7%
VTVermont
7%
VAVirginia
6%
WIWisconsin
6%
WVWest Virginia
2%

Verteilung der Resultate

Perzentil nach korrekt beantworteten Fragen

Anzahl Personen mit jedem Resultat

Ihre Resultats-Entwicklung

Sie haben dieses Quiz noch nicht gespielt